| 000 | 00879nas a2200289 4500 | ||
|---|---|---|---|
| 001 | BR0203653 | ||
| 003 | BR-BrBNA | ||
| 005 | 20231205103125.0 | ||
| 007 | ta | ||
| 008 | 230509b bl.|||p| |||| 00| 00por d | ||
| 040 |
_aBR-BrBNA _bpor _cBiblioteca Nacional de Agricultura |
||
| 041 | _a(En) | ||
| 072 | _aH10; F61 | ||
| 100 | 1 | _aAsmus, G.L. | |
| 100 | 1 | _aFerraz, L.C.C.B. | |
| 245 | 1 | _aEffect of population densities of Heterodera glycines race 3 on leaf area, photosynthesis and yield of soybean | |
| 650 | _aSOJA | ||
| 650 | _aHETERODERA GLYCINES | ||
| 650 | _aFOTOSSÍNTESE | ||
| 650 | _aÁREA FOLIAR | ||
| 650 | _aPRODUÇÃO VEGETAL | ||
| 650 | _aGRÃO | ||
| 650 | _aFOLHA | ||
| 773 | 0 |
_tFitopatologia Brasileira (Brazil) _xISSN 0100-4158 _g(May-Jun 2002), v. 27(3) p. 273-278 _wBR0203653 |
|
| 909 |
_a202311 _bLúcia _c55 _dLúcia Elande |
||
| 942 |
_2AGRIS _n0 _cANA |
||
| 999 |
_c171208 _d171208 |
||